| 000 | 01646pam a2200469 a 4500 | ||
|---|---|---|---|
| 001 | z9mscp b5833748 | ||
| 005 | 20241220132557.0 | ||
| 008 | 121116s2012 nyua c 000 1 eng d | ||
| 020 |
_a9780545298438 (trade) _a$8.75 |
||
| 020 | _a0545298431 | ||
| 035 | _a(IMchF)fol14186820 | ||
| 040 |
_aICrlF _beng _cICrlF _dICrlF _dLCPL _erda |
||
| 082 | 0 | 4 |
_a[Fic] _223 |
| 092 | _aF | ||
| 100 | 1 |
_aPark, Linda Sue. _eauthor _947648 |
|
| 245 | 1 | 0 |
_aTrust no one / _cLinda Sue Park. |
| 250 | _a1st ed. | ||
| 264 | 1 |
_aNew York : _bScholastic, _c2012. |
|
| 300 |
_a190 pages : _billustrations ; _c20 cm. |
||
| 336 | _atext | ||
| 337 | _aunmediated | ||
| 338 | _avolume | ||
| 490 | 1 |
_a39 clues. Cahills vs. Vespers ; _vbk. 5. |
|
| 500 | _aMay include trading cards. | ||
| 520 | _aSiblings Amy and Dan must find out who the Vesper mole is in their innermost circle. | ||
| 521 | 0 |
_a4.8 _bFollett Library Resources. |
|
| 521 | 2 |
_a3-6 _bFollett Library Resources. |
|
| 521 | 2 | _a3-6. | |
| 650 | 0 |
_aOrphans _vJuvenile fiction. _95673937 |
|
| 650 | 0 |
_aFamilies _vJuvenile fiction. _95674031 |
|
| 650 | 0 |
_aGenealogy _vJuvenile fiction. _95735053 |
|
| 650 | 0 |
_aOrphans _vFiction. _95673861 |
|
| 650 | 0 |
_aFamilies _vFiction. _95674501 |
|
| 650 | 0 |
_aGenealogy _vFiction. _95710816 |
|
| 650 | 1 |
_aFamily life _vFiction. _95674038 |
|
| 650 | 1 | _aMystery and detective stories. | |
| 655 | 7 |
_aCryptologic fiction. _2lcgft _95759809 |
|
| 655 | 7 |
_aDetective and mystery fiction. _2lcgft _95683641 |
|
| 830 | 0 |
_a39 clues. _pCahills vs. Vespers ; _vbk. 5. _96229847 |
|
| 907 | _a.b294392312 | ||
| 942 |
_2ddc _cBOOK |
||
| 999 |
_c85286 _d85286 |
||